000
00217 a2200097 4500
001
47282
100
_a
Gavin, J
245
_a
Wan and peace in the Space Age
260
_a
London
_b
Hutchinson
_c
090
_c
30324
_d
30324
942
_a
NUST-CAE
_c
M
_c
22586
999
_c
282355
_d
282355